000 00539nam a22001697a 4500
003 NUST
038 _aNusrat Nadeem
082 _a200
100 _aManzoor, Muhammad Hasnat
_9126475
245 _aSemantic Segmentation of 3D Point Clouds Using Deep Learning/
_cMuhammad Hasnat Manzoor,
264 _aIslamabad;
_bSEECS NUST;
_c2022.
300 _a62,p;
650 _aMS-Computer Science
_926780
700 _aSupervisor Dr. Muhammad Shahzad
_996716
856 _uhttp://10.250.8.41:8080/xmlui/handle/123456789/29971
942 _2ddc
_cSC
999 _c612151
_d612151